00920nam a2200265Ia 4500003000400000005001700004006001800021007000300039008004100042024001100083037001100094040001800105041001300123100002700136110008700163245014200250260000900392650003000401700003500431700003400466700003600500700008700536942001200623999001900635OSt20220930085659.0a|||||r|||| 00| 0ta220926b |||||||| |||| 00| 0 eng d a104796 cTheses aCRLcCRLbeng 2engaeng aBhagat Neelima9540899 aUniversity of Delhi. Faculty of Medical Sciences. Department of Community Medicine 0aEffect of educational package of health promotion and behaviour modification on smoking habit in the adult urban male population of Delhi c2009 aCOMMUNITY HEALTH SERVICES a Dr. Jugal Kishore Gu.9537141 a Dr. R. C. Jiloha Gu.9536195 a Dr. Satyavir Singh Gu.9540900 aUniversity of Delhi. Faculty of Medical Sciences. Department of Community Medicine cDIS2CC c879348d879348